Seeing Egypt and the Holy Land /

محفوظ في:

المؤلف الرئيسي: Newman, E. M., 1870-1953 (مؤلف)

التنسيق: كتاب

اللغة: English

منشور في: Piscataway, NJ : Gorgias Press, 2009.

سلاسل: Gorgias historic travels in the cradle of civilization ; 20.

الموضوعات:

الوسوم: إضافة وسم

لا توجد وسوم, كن أول من يضع وسما على هذه التسجيلة!

رقم الطلب: DT55 .N49 2009

LEADER 00883namaa2200253 4500
003 OSt
005 20260329090540.0
008 130303s2009 nju 000 0 eng d
020 |a 9781593339111 
040 |c ARCE Library 
043 |a f-ua---  |a awba---  |a awgz--- 
050 4 |a DT55 .N49 2009 
100 1 |a Newman, E. M.,   |q (Edward Manuel),   |d 1870-1953,   |e author 
245 1 0 |a Seeing Egypt and the Holy Land /   |c Edward Manuel Newman. 
264 1 |a Piscataway, NJ :   |b Gorgias Press,   |c 2009. 
300 |a xv, 393 pages ;  |c 24 cm. 
490 1 |a Gorgias historic travels in the cradle of civilization ;   |v 20. 
500 |a Reprint. Originally published 1923. 
651 0 |a Egypt  |x Description and travel. 
651 0 |a Palestine  |x Description and travel. 
830 0 |a Gorgias historic travels in the cradle of civilization ;   |v 20. 
901 |a reviewed 
942 |c BK  |2 lcc 
999 |c 8960  |d 8960